Estratègies per a la inclusió de l'alumnat amb discapacitat : programa 'Viu el Parc' : curs programa 'Viu el Parc' :
Descripción Física:
[94] p. ; 18 cm
Materias:
Alumnes discapacitats -- Integració
MARC
| LEADER | 00000nam a2200000Ia 4500 | ||
|---|---|---|---|
| 001 | 21000 | ||
| 008 | 160829s2007 xx 000 0 cat d | ||
| 080 | |a C-3-132 | ||
| 245 | |a Estratègies per a la inclusió de l'alumnat amb discapacitat : |b programa 'Viu el Parc' : |b curs | ||
| 260 | |a Barcelona : |b Diputació de Barcelona, Àrea d'Espais Naturals, |c 2007 | ||
| 300 | |a [94] p. ; |c 18 cm | ||
| 590 | |a Aquest llibre s'ha confeccionat dins el programa 'Viu el parc'. | ||
| 590 | |a Bibliografia | ||
| 650 | |a Alumnes discapacitats |x Integració |9 42056 | ||
| 710 | |a Barcelona (Catalunya : Província). |b Àrea d'Espais Naturals |9 9050 | ||
| 901 | |a Arxiu | ||
| 942 | |n 1 | ||
| 952 | |0 0 |1 0 |4 0 |6 C3132 |7 1 |9 50637 |a Arxiu |b Arxiu |d 2016-12-01 |l 0 |o C-3-132 |p 21000 |r 2016-12-01 00:00:00 |w 2016-12-01 |y ARXIU | ||
| 999 | |c 54479 |d 54479 | ||